00350 a2200121 4500020001500000022001800015082001200033100002100045245008900066260004900155300000900204500001500213 a0131011111 a9780131011113 a658.155 aChatterjee,Sayan aFailsafe Strategies Profit and Grow from Risks That Others Avoid.cSayan Chatterjee. aNew JerseybWharton School Publishing.c2005 a284p aHard cover